[Event "AUTO-MASTER-209"]
[Site "http://www.queenalice.com/game.php?id=103768"]
[Date "2006.9.8"]
[Round "1"]
[White "jmbpeixe"]
[Black "acf"]
[Result "0-1"]
[WhiteElo "2008"]
[BlackElo "2180"]

1. d4 Nf6 2. c4 e6 3. Nf3 b6 4. Bg5 Bb7 5. e3 h6 6. Bxf6 Qxf6 7. Be2 Bb4+ 8. Nc3
Bxc3+ 9. bxc3 O-O 10. O-O d6 11. Qc2 Nd7 12. Rab1 c5 13. Rfd1 cxd4 14. cxd4 Qe7
15. a4 Nf6 16. Qb3 Be4 17. Rb2 Qc7 18. Nd2 Bc6 19. Qb4 Rfc8 20. Rdb1 e5 21. d5
Bd7 22. Bd3 g6 23. h3 Kg7 24. g4 Be8 25. Ra2 Qe7 26. a5 b5 27. e4 bxc4 28. Nxc4
Rc5 29. Rab2 Qc7 30. Rc2 Bb5 31. Rbc1 Bxc4 32. Kg2 Bxd3 0-1

[Event "AUTO-MASTER-209"]
[Site "http://www.queenalice.com/game.php?id=103769"]
[Date "2006.9.8"]
[Round "1"]
[White "acf"]
[Black "jmbpeixe"]
[Result "1-0"]
[WhiteElo "2181"]
[BlackElo "2117"]

1. e4 c5 2. Nf3 d6 3. d4 cxd4 4. Nxd4 Nf6 5. Nc3 a6 6. Be2 e5 7. Nb3 Be7 8. O-O
O-O 9. Qd3 b5 10. a4 b4 11. Nd5 Bb7 12. Nxf6+ Bxf6 13. Be3 a5 14. f3 Qc7 15.
Rac1 Nc6 16. c3 bxc3 17. Qxc3 Rfc8 18. Rfd1 Be7 19. Bb5 h6 20. Qe1 Qb8 21. Qd2
Rd8 22. Qf2 Rc8 23. Qg3 Kh7 24. Qh3 Nd8 25. Qd7 Bf8 26. Nd2 Kg8 27. Rxc8 Qxc8
28. Qxc8 Rxc8 29. Nc4 Nc6 30. Rd2 Be7 31. Nxd6 Bxd6 32. Rxd6 f6 33. Kf2 Kh7 34.
Rd7 Ba8 35. b3 Kg6 36. h4 Kh7 37. h5 Kg8 38. Bc4+ 1-0

[Event "AUTO-MASTER-209"]
[Site "http://www.queenalice.com/game.php?id=103778"]
[Date "2006.9.8"]
[Round "1"]
[White "Rookpig"]
[Black "acf"]
[Result "1-0"]
[WhiteElo "1974"]
[BlackElo "2191"]

1. e4 e5 2. d4 exd4 3. Bc4 Nf6 4. Nf3 Nc6 5. e5 d5 6. Bb5 Ne4 7. Nxd4 Bd7 8.
Bxc6 bxc6 9. O-O Bc5 10. f3 Ng5 11. f4 Ne4 12. Nc3 Nxc3 13. bxc3 O-O 14. f5 Qe7
15. f6 Qxe5 16. fxg7 Qxg7 17. Bf4 Rfe8 18. Qd2 Re4 19. Rae1 1-0

[Event "AUTO-MASTER-209"]
[Site "http://www.queenalice.com/game.php?id=103779"]
[Date "2006.9.8"]
[Round "1"]
[White "acf"]
[Black "Rookpig"]
[Result "0-1"]
[WhiteElo "2137"]
[BlackElo "2003"]

1. e4 e6 2. d4 d5 3. e5 c5 4. c3 Qb6 5. Nf3 Nc6 6. Bd3 cxd4 7. cxd4 Bd7 8. O-O
Nxd4 9. Nxd4 Qxd4 10. Qe2 Ne7 11. Nd2 Nc6 12. Nf3 Qb6 13. Be3 Bc5 14. Bxc5 Qxc5
15. Rfc1 Qb6 16. Rc3 Rc8 17. Rac1 Ne7 18. Rxc8+ Bxc8 19. Rc3 Bd7 20. Rb3 Qc7 21.
Qe3 Bc6 22. Qxa7 O-O 23. Rc3 Qb8 24. Qd4 Ng6 25. h4 f5 0-1

[Event "Challenge"]
[Site "http://www.queenalice.com/game.php?id=113565"]
[Date "2006.10.5"]
[Round "-"]
[White "zoki74"]
[Black "acf"]
[Result "1-0"]
[WhiteElo "2301"]
[BlackElo "2187"]

1. d4 Nf6 2. c4 e6 3. Nc3 Bb4 4. Qc2 O-O 5. a3 Bxc3+ 6. Qxc3 b6 7. Bg5 Bb7 8. e3
d6 9. f3 h6 10. Bh4 Nbd7 11. Bd3 e5 12. O-O-O e4 13. Bc2 Qe7 14. Ba4 c6 15. Ne2
exf3 16. gxf3 Rfe8 17. Ng3 g6 18. Rhe1 Nd5 19. cxd5 Qxh4 20. dxc6 Rac8 21. Kb1
Rf8 22. Rc1 Ba8 23. Qb4 Nf6 24. Qxd6 Rfd8 25. Qe7 Re8 26. Qxa7 Qxh2 27. Bb3 Rf8
28. Qe7 1-0

[Event "Challenge"]
[Site "http://www.queenalice.com/game.php?id=115767"]
[Date "2006.10.11"]
[Round "-"]
[White "vlad"]
[Black "acf"]
[Result "1-0"]
[WhiteElo "2340"]
[BlackElo "2175"]

1. e4 c5 2. Nf3 e6 3. d4 cxd4 4. Nxd4 Nc6 5. Nc3 Nf6 6. Ndb5 d6 7. Bf4 e5 8. Bg5
a6 9. Na3 b5 10. Nd5 Be7 11. Bxf6 Bxf6 12. c3 O-O 13. Nc2 Bg5 14. a4 bxa4 15.
Rxa4 a5 16. Bc4 Rb8 17. Ra2 Ne7 18. Nce3 Nxd5 19. Nxd5 Bd7 20. b3 Kh8 21. O-O f5
22. exf5 Bxf5 23. g3 Bh3 24. Re1 Be6 25. Qc2 Rc8 26. Qd3 Bg4 27. Rea1 Rc5 28. b4
Bf5 29. Qe2 axb4 30. cxb4 Rc8 31. Ra6 Rb8 32. b5 Bc8 33. Ra8 Bb7 34. Rxb8 Qxb8
35. h4 Bd8 36. Qh5 g6 37. Qh6 Bf6 38. Ra5 Bg7 39. Qd2 Qc8 40. Ra7 Qxc4 41. Rxb7
Qe4 42. b6 Bh6 43. Qd1 Bd2 44. Qxd2 Qb1+ 45. Kh2 1-0

[Event "AUTO-OPEN-303"]
[Site "http://www.queenalice.com/game.php?id=119278"]
[Date "2006.10.20"]
[Round "2"]
[White "luizao"]
[Black "acf"]
[Result "0-1"]
[WhiteElo "1583"]
[BlackElo "2173"]

1. e4 c5 2. Bc4 e6 3. Nf3 d6 4. O-O Nf6 5. Nc3 Be7 6. d3 Nc6 7. Be3 d5 8. exd5
exd5 9. Bb5 d4 10. Ne2 dxe3 11. fxe3 O-O 12. Ng3 Bd6 13. c3 Re8 14. e4 Bd7 15.
d4 cxd4 16. cxd4 Bxg3 17. hxg3 Nxe4 18. Qc2 Nxd4 19. Nxd4 Bxb5 20. Nxb5 Qb6+ 21.
Kh2 Qxb5 22. Kh3 Qh5# 0-1

[Event "AUTO-OPEN-303"]
[Site "http://www.queenalice.com/game.php?id=119279"]
[Date "2006.10.20"]
[Round "2"]
[White "acf"]
[Black "luizao"]
[Result "1-0"]
[WhiteElo "2174"]
[BlackElo "1596"]

1. e4 e5 2. Nf3 Nc6 3. Bb5 d6 4. d4 Nf6 5. O-O Bd7 6. Nc3 Be7 7. Re1 O-O 8. Bxc6
Bxc6 9. dxe5 dxe5 10. Qxd8 Raxd8 11. Nxe5 Rd4 12. Be3 Rdd8 13. Bxa7 Bd6 14. Nxc6
bxc6 15. e5 Ng4 16. exd6 cxd6 17. Re7 f5 18. Rae1 f4 19. Bd4 Rf7 20. Re8+ Rf8
21. Rxf8+ Rxf8 22. Re7 Ra8 23. Rxg7+ Kf8 24. Rxg4 Rxa2 25. Nxa2 1-0

[Event "AUTO-OPEN-304"]
[Site "http://www.queenalice.com/game.php?id=120449"]
[Date "2006.10.23"]
[Round "2"]
[White "acf"]
[Black "Boeing"]
[Result "0-1"]
[WhiteElo "2072"]
[BlackElo "1838"]

1. e4 e5 2. Nf3 d6 3. d4 exd4 4. Nxd4 c5 5. Bb5+ Bd7 6. Bxd7+ Nxd7 7. Nf5 h6 8.
Nc3 g6 9. Nxd6+ Bxd6 10. Qxd6 Ngf6 11. e5 Nh5 12. Be3 Qb6 13. Nd5 Qxd6 0-1

[Event "AUTO-OPEN-304"]
[Site "http://www.queenalice.com/game.php?id=120450"]
[Date "2006.10.23"]
[Round "2"]
[White "Boeing"]
[Black "acf"]
[Result "1-0"]
[WhiteElo "1810"]
[BlackElo "2100"]

1. e4 c5 2. Bc4 e6 3. Nf3 d6 4. O-O Nf6 5. d3 Nc6 6. Bg5 Be7 7. Bb5 Bd7 8. Bxc6
Bxc6 9. e5 Nd5 10. Bxe7 Qxe7 11. c4 Nf4 12. exd6 Qxd6 13. d4 1-0

[Event "AUTO-ELITE-74"]
[Site "http://www.queenalice.com/game.php?id=130458"]
[Date "2006.11.17"]
[Round "2"]
[White "Chessman2004"]
[Black "acf"]
[Result "1-0"]
[WhiteElo "2250"]
[BlackElo "2158"]

1. e4 e6 2. d4 d5 3. Nd2 Nf6 4. e5 Nfd7 5. Ngf3 c5 6. c3 Nc6 7. Bd3 Be7 8. O-O
a5 9. Qe2 cxd4 10. cxd4 Qb6 11. Qe3 f6 12. exf6 Nxf6 13. a3 O-O 14. h3 Nh5 15.
Bc2 Nf4 16. Kh1 1-0

[Event "AUTO-ELITE-74"]
[Site "http://www.queenalice.com/game.php?id=130459"]
[Date "2006.11.17"]
[Round "2"]
[White "acf"]
[Black "Chessman2004"]
[Result "0-1"]
[WhiteElo "2168"]
[BlackElo "2240"]

1. d4 Nf6 2. c4 e5 3. dxe5 Ng4 4. Nf3 Bc5 5. e3 Nc6 6. Nc3 Ngxe5 7. Nxe5 Nxe5 8.
Be2 O-O 9. O-O Re8 10. b3 a5 11. Bb2 Ra6 12. Ne4 Ba7 13. Qd5 Rae6 14. Qxa5 Bb6
15. Qc3 Qh4 16. f4 Rh6 0-1

[Event "AUTO-OPEN-303"]
[Site "http://www.queenalice.com/game.php?id=144347"]
[Date "2006.12.21"]
[Round "3"]
[White "acf"]
[Black "kaipivarov"]
[Result "0-1"]
[WhiteElo "1974"]
[BlackElo "1778"]

1. e4 d6 2. d4 Nf6 3. Nc3 g6 4. Nf3 Bg7 5. Bd3 O-O 6. O-O Nc6 7. Re1 e5 8. dxe5
dxe5 9. Be3 Re8 10. h3 Qe7 11. Bg5 Qc5 0-1

[Event "AUTO-OPEN-303"]
[Site "http://www.queenalice.com/game.php?id=144348"]
[Date "2006.12.21"]
[Round "3"]
[White "kaipivarov"]
[Black "acf"]
[Result "1-0"]
[WhiteElo "1809"]
[BlackElo "1974"]

1. c4 Nf6 2. Nc3 e5 3. Nf3 Nc6 4. g3 d5 5. cxd5 Nxd5 6. Bg2 Nb6 7. O-O Be7 8. d3
O-O 9. a3 Be6 10. b4 f5 11. e4 1-0